00893nam a22002537a 450000500170000001000130001702000220003003500130005203700160006504000120008108200140009310000270010724500780013426000430021227000520025530000250030750000510033265000330038365000350041670000270045194200220047899900190050095201200051920170124110048.0 aA-592400 c00.00a8120713346 aA-592400 bCen Lib/Ret aDPLbEN a658bBAN  aBannerjee, A.M.924867 aBusiness and factory management /cby A.M. Bannerjee [and] Lallan Prasad  aNew Delhi bSterling Publishers c1992 bNew Delhi aL-10, green park extention e110016 avii, 412p.c21cm(Hb) aIncludes bibliographical references and index  aCorporate management 924868 aPlanning industries v 924869 aPrasad, Lallan 924870 2ddccENh658mBAN c128931d128931 00104070aLbLd2015-07-03eCen Lib/Retg0.00l0o658 BANpA-592400r2015-07-03 00:00:00t1v0.00w2015-07-03yEN